000
00206 a2200097 4500
001
1022
100
_a
Tricomi.E.
245
_a
How to repair major appliances
260
_a
_b
Foulsham
_c
090
_c
591
_d
591
942
_a
NUST-CAE
_c
M
_c
32389
999
_c
236095
_d
236095